Antennas With Non Faster Matching Networks (Record no. 319341)

MARC details
000 -LEADER
fixed length control field 00451nam a2200157Ia 4500
008 - FIXED-LENGTH DATA ELEMENTS--GENERAL INFORMATION
fixed length control field 230718s9999 xx 000 0 und d
041 ## - LANGUAGE CODE
Language code of text/sound track or separate title eng
082 ## - DEWEY DECIMAL CLASSIFICATION NUMBER
Classification number 621.38
Item number ABE
100 ## - MAIN ENTRY--PERSONAL NAME
Personal name Aberle J.T.
9 (RLIN) 123763
245 ## - TITLE STATEMENT
Title Antennas With Non Faster Matching Networks
260 ## - PUBLICATION, DISTRIBUTION, ETC. (IMPRINT)
Name of publisher, distributor, etc. Morgan And Claypool
300 ## - PHYSICAL DESCRIPTION
Accompanying material [OBSOLETE, CAN/MARC] Ref 1105 E (30548)
365 ## - TRADE PRICE
Currency code Rs.
Price amount 1395.00
700 ## - ADDED ENTRY--PERSONAL NAME
Personal name Aberle J.T. & Loepsinger R.R.
9 (RLIN) 190141
906 ## - LOCAL DATA ELEMENT F, LDF (RLIN)
d B:522023-Jul-2008
c ETC
b 20
Holdings
Withdrawn status Lost status Source of classification or shelving scheme Reference No Damaged status Not for loan Home library Current library Date acquired Vendor Budget Code Cost, normal purchase price Bill number Full call number Barcode Date last seen Discount Cost, replacement price Bill Date Koha item type Original Barcode
    Dewey Decimal Classification Ref 1105 E (30548)   Reference Cummins College of Engineering for Women Pune Cummins College of Engineering for Women Pune 06/10/2008 Tbs ETC 1375.00 5220 621.38 CCEP-BK-30548 18/07/2023 20 1395.00 23/07/2008 Books 030548